Venisanhar Bhatt Narayan prant (Record no. 795218)

MARC details
000 -LEADER
fixed length control field 00487nam a2200205Ia 4500
008 - FIXED-LENGTH DATA ELEMENTS--GENERAL INFORMATION
fixed length control field 101110s9999 xx 000 0 und d
041 ## - LANGUAGE CODE
Language code of text/sound track or separate title SANSKRIT
082 ## - DEWEY DECIMAL CLASSIFICATION NUMBER
Item number JR4310
100 ## - MAIN ENTRY--PERSONAL NAME
Personal name Bhat G.K.
245 ## - TITLE STATEMENT
Title Venisanhar Bhatt Narayan prant
260 ## - PUBLICATION, DISTRIBUTION, ETC. (IMPRINT)
Date of publication, distribution, etc 1957
365 ## - TRADE PRICE
Price amount 7.5
520 ## - SUMMARY, ETC.
Summary, etc Sanskrit
546 ## - LANGUAGE NOTE
Language note SANSKRIT
630 ## - SUBJECT ADDED ENTRY--UNIFORM TITLE
Uniform title Venisanhar Bhatt Narayan prant
650 ## - SUBJECT ADDED ENTRY--TOPICAL TERM
Topical term or geographic name as entry element Sanskrit
655 ## - INDEX TERM--GENRE/FORM
Genre/form data or focus term Sanskrit
730 ## - ADDED ENTRY--UNIFORM TITLE
Uniform title Venisanhar Bhatt Narayan prant
942 ## - ADDED ENTRY ELEMENTS (KOHA)
Koha item type Book
Holdings
Withdrawn status Lost status Damaged status Not for loan Home library Current library Shelving location Date acquired Cost, normal purchase price Shelving control number Total Checkouts Barcode Date last seen Price effective from Koha item type
        D. B. J. College, Chiplun D. B. J. College, Chiplun   11/11/2010 7.50     DBJJR4310 11/11/2010 11/11/2010 Book